Синий кит: стихотворения

Bibliografske podrobnosti
Glavni avtor: Тарутин О. А. Олег Аркадьевич
Jezik:ruščina
Izdano: Ленинград, Советский писатель, 1990
Teme:
Format: Knjiga
KOHA link:https://koha.lib.tpu.ru/cgi-bin/koha/opac-detail.pl?biblionumber=164763

MARC

LEADER 00000nam0a2200000 4500
001 164763
005 20231031161448.0
010 |a 5265012990 
035 |a (RuTPU)RU\TPU\book\178757 
090 |a 164763 
100 |a 20090910d1990 m y0rusy50 ca 
101 0 |a rus 
102 |a RU 
105 |a c z 000gy 
200 1 |a Синий кит  |e стихотворения  |f О. А. Тарутин 
210 |a Ленинград  |c Советский писатель  |d 1990 
215 |a 304 с.  |c портр. 
610 1 |a поэзия 
610 1 |a стихи 
675 |a Р2  |v 3 
700 1 |a Тарутин  |b О. А.  |g Олег Аркадьевич 
801 1 |a RU  |b 63413507  |c 20090910 
942 |c BK